A continent for science ; the Antarctic adventure /

Bibliographic Details
Main Author: Lewis, Richard S.
Format: Book
Language:English
Published: New York : Viking Press, [1965]
Subjects:

MARC

Tag First Indicator Second Indicator Subfields
LEADER 00000cam a2200000 4500
001 in00000225409
005 20151009072445.0
008 721106s1965 nyuab b 00010 eng
010 |a  65013204  
035 |a (OCoLC)00487053 
035 |9 AAY9317AM 
040 |a DLC  |c WSU  |d OCL  |d TXA  |d UtOrBLW 
049 |a TXAM  |c 1 [900786]  |c 2 [900787] 
050 0 |a G860  |b .L9 
082 0 |a 919.9 
100 1 |a Lewis, Richard S. 
245 1 2 |a A continent for science ;  |b the Antarctic adventure /  |c [by] Richard S. Lewis. 
264 1 |a New York :  |b Viking Press,  |c [1965] 
300 |a xx, 300 pages :  |b illustrations, maps. ;  |c 27 cm. 
336 |a text  |b txt  |2 rdacontent 
337 |a unmediated  |b n  |2 rdamedia 
338 |a volume  |b nc  |2 rdacarrier 
504 |a "Reference notes": pages 287-290. 
651 0 |a Antarctica. 
999 |a MARS 
999 f f |s 0b0d24ec-5050-325a-9322-5de6318ce66d  |i 4a8a7de7-2cbb-31e7-9751-2ea397bac69f  |t 0 
952 f f |p ric  |a Texas A&M University  |b Rellis Campus  |c Joint Library Facility  |d Remote Storage  |t 0  |e G860 .L9  |h Library of Congress classification  |i unmediated -- volume  |m A14802388419 
998 f f |a G860 .L9  |t 0  |l Remote Storage